|
|
|
|
| LEADER |
00000cam a2200000 7i4500 |
| 001 |
0000005933 |
| 002 |
000006408 |
| 005 |
20000330.0 |
| 020 |
|
|
|a 0520070798
|
| 090 |
0 |
0 |
|a 306.20956
|b TRI
|
| 245 |
0 |
0 |
|a Tribes and state formation in the Middle East
|c edited by Philip S Khoury and Joseph Kostiner
|
| 260 |
|
|
|a Berkeley :
|b University of California Press ,
|c 1990
|
| 300 |
|
|
|a 351p. ;
|c 24cm.
|
| 650 |
0 |
0 |
|a Tribes
|x Government policy
|z Middle East
|x History
|
| 651 |
|
0 |
|a Middle East
|x Politics and goverment
|x Congresses
|
| 700 |
1 |
|
|a Khoury, Philip S.(Philip Shukry) ,
|d 1949-
|
| 999 |
|
|
|a 030575
|b BUKU
|c PINJAMAN
|e PERPUSTAKAAN KOMUNITI PETALING JAYA
|